000 00336nam a2200145Ia 4500
008 230917s9999||||xx |||||||||||||| ||und||
040 _e35113
_aMAIN
041 _aEnglish
082 _a342.669 R311H
100 _aResearch Board
245 0 _aHow Nigeria is governed
260 _aDelhi
_bResearch
300 _a62 p.
942 _cBK
999 _c199395
_d199395